00287pab a2200121 454500008004000000100002600040245003600066260000900102300001100111362001100122650001700133773001500150180718b2004 xxu||||| |||| 00| 0 eng d aDasgupta, Subhoranjan aHuman dignity - theirs and ours c2004 ap.7-9. a17 Jan aHuman rights aMainstream